[Event "CN Juniori 2013 - B12"]
[Site "Calimanesti-Caciulata"]
[Date "2013.04.07"]
[Round "8.3"]
[White "Calin, Alexandru"]
[Black "Fluerariu, Radu-Cristian"]
[Result "1/2-1/2"]
[WhiteElo "1788"]
[BlackElo "1763"]
[PlyCount "66"]
[EventDate "2013.04.02"]
[EventRounds "9"]

1. d4 d5 2. c4 e6 3. Nf3 c5 4. cxd5 exd5 5. g3 Nc6 6. Bg2 Nf6 7. O-O Be7 8. Nc3
O-O 9. dxc5 Bxc5 10. Bg5 Be6 11. Bxf6 Qxf6 12. Nxd5 Qxb2 13. Nc7 Rad8 14. Qc1
Qxc1 15. Raxc1 Be7 16. Nxe6 fxe6 17. Rc4 Bf6 18. Rb1 Na5 19. Re4 Rfe8 20. Bh3
Kf7 21. Rb5 b6 22. Ne5+ Bxe5 23. Rbxe5 Rd6 24. Rf4+ Kg8 25. Re3 Nc6 26. Rfe4
Kf7 27. f4 Re7 28. Kf2 g6 29. g4 Rd4 30. Kg3 Rxe4 31. Rxe4 Kf6 32. Rc4 Na5 33.
Rc8 Nb7 1/2-1/2

[Event "CN Juniori 2013 - B12"]
[Site "Calimanesti-Caciulata"]
[Date "2013.04.06"]
[Round "7.6"]
[White "Fluerariu, Radu-Cristian"]
[Black "Dicu, Dan Alexandru"]
[Result "1-0"]
[WhiteElo "1763"]
[BlackElo "1687"]
[PlyCount "93"]
[EventDate "2013.04.02"]
[EventRounds "9"]

1. e4 e5 2. Nf3 Nc6 3. Bb5 a6 4. Ba4 Nf6 5. O-O d6 6. Bxc6+ bxc6 7. d4 Bg4 8.
dxe5 dxe5 9. Qxd8+ Rxd8 10. Nxe5 Be7 11. Re1 Rd1 12. Rxd1 Bxd1 13. c3 Nxe4 14.
Nxc6 Nc5 15. Be3 Bd6 16. Nd2 Ba4 17. Nd4 Bd7 18. Nc4 Be7 19. Ne5 O-O 20. Nxd7
Nxd7 21. Rd1 Ne5 22. Nf5 Bf6 23. Bf4 g6 24. Ne7+ Kg7 25. Bxe5 Bxe5 26. Nc6 Re8
27. Nxe5 Rxe5 28. Kf1 Rb5 29. b3 Ra5 30. Rd2 h5 31. Ke2 Kf6 32. Ke3 Ke6 33. c4
Rc5 34. Ke4 Rc6 35. f3 Rc5 36. Rd5 Rc6 37. g3 f6 38. f4 Ke7 39. Rd2 Re6+ 40.
Kf3 f5 41. Re2 Rxe2 42. Kxe2 Kf6 43. h4 Ke6 44. Kd3 c5 45. Kc3 a5 46. a3 a4 47.
b4 1-0

[Event "CN Juniori 2013 - B12"]
[Site "Calimanesti-Caciulata"]
[Date "2013.04.05"]
[Round "6.8"]
[White "Albu, George"]
[Black "Fluerariu, Radu-Cristian"]
[Result "0-1"]
[WhiteElo "1618"]
[BlackElo "1763"]
[PlyCount "44"]
[EventDate "2013.04.02"]
[EventRounds "9"]

1. d4 d5 2. c4 e6 3. Nc3 c5 4. e3 Nf6 5. Nf3 Nc6 6. Bd3 Bd6 7. O-O O-O 8. Bd2
Bd7 9. Rc1 a6 10. a3 Rc8 11. Re1 Re8 12. cxd5 exd5 13. dxc5 Bc7 14. b4 Bg4 15.
Be2 Qe7 16. Qb3 Rcd8 17. Nd4 Qe5 18. f4 Nxd4 19. exd4 Qxd4+ 20. Kh1 Qxd2 21.
Bxg4 Nxg4 22. Rcd1 Qxf4 0-1

[Event "CN Juniori 2013 - B12"]
[Site "Calimanesti-Caciulata"]
[Date "2013.04.05"]
[Round "5.14"]
[White "Fluerariu, Radu-Cristian"]
[Black "Pasca, Mihai-Alexandru"]
[Result "1-0"]
[WhiteElo "1763"]
[BlackElo "1564"]
[PlyCount "67"]
[EventDate "2013.04.02"]
[EventRounds "9"]

1. e4 e5 2. Nf3 Nc6 3. Bb5 d6 4. d4 Bd7 5. Nc3 exd4 6. Nxd4 g6 7. Be3 Bg7 8.
Qd2 Nf6 9. Bxc6 bxc6 10. Bh6 O-O 11. Bxg7 Kxg7 12. O-O-O a5 13. f3 Qb8 14. g4
Qb7 15. Rde1 Rfb8 16. Nd1 c5 17. Ne2 Qb4 18. Qf4 Qc4 19. Nec3 a4 20. h4 h5 21.
gxh5 Nxh5 22. Qg5 Be6 23. Rhg1 Kh7 24. f4 Rg8 25. f5 Bd7 26. Ref1 Rad8 27.
fxg6+ fxg6 28. Qe7+ Ng7 29. Nd5 Kh8 30. Rxg6 Kh7 31. Rh6+ Kxh6 32. Qg5+ Kh7 33.
Nf6+ Kh8 34. Qh6# 1-0

[Event "CN Juniori 2013 - B12"]
[Site "Calimanesti-Caciulata"]
[Date "2013.04.04"]
[Round "4.11"]
[White "Benedek, Laszlo"]
[Black "Fluerariu, Radu-Cristian"]
[Result "1-0"]
[WhiteElo "1613"]
[BlackElo "1763"]
[PlyCount "73"]
[EventDate "2013.04.02"]
[EventRounds "9"]

1. e4 c5 2. Nf3 d6 3. d4 cxd4 4. Nxd4 Nf6 5. Nc3 a6 6. Be2 e6 7. O-O Nc6 8. Nb3
Be7 9. a4 O-O 10. Be3 Bd7 11. f4 Na5 12. Nxa5 Qxa5 13. Kh1 Bc6 14. Bd3 Rfd8 15.
Qe1 d5 16. e5 Nd7 17. Bd2 Qc7 18. Qg3 Rac8 19. Rae1 d4 20. Ne2 Nc5 21. b3 Nxd3
22. cxd3 Qb6 23. Rb1 Bb4 24. Bxb4 Qxb4 25. Qf2 b5 26. axb5 Bxb5 27. Qf3 Bc6 28.
Qg4 Bb7 29. f5 exf5 30. Qxf5 Qe7 31. Qf4 Rc2 32. Rf2 Qe6 33. Rbf1 Rd7 34. Nxd4
Rxf2 35. Rxf2 Qd5 36. e6 Rd8 37. Qxf7+ 1-0

[Event "CN Juniori 2013 - B12"]
[Site "Calimanesti-Caciulata"]
[Date "2013.04.03"]
[Round "2.7"]
[White "Anghelus, Alin-Gabriel"]
[Black "Fluerariu, Radu-Cristian"]
[Result "1/2-1/2"]
[WhiteElo "1524"]
[BlackElo "1763"]
[PlyCount "39"]
[EventDate "2013.04.02"]
[EventRounds "9"]

1. e4 c5 2. Nf3 e6 3. d3 a6 4. Nbd2 b5 5. g3 Bb7 6. Bg2 Be7 7. O-O d5 8. e5 Nd7
9. Re1 Qb6 10. Nf1 Rc8 11. h3 c4 12. Be3 Qc7 13. d4 b4 14. c3 a5 15. Bg5 Nb6
16. Bxe7 Nxe7 17. N3d2 Bc6 18. f4 Na4 19. Qc2 Rb8 20. Rab1 1/2-1/2

[Event "CN Juniori 2013 - B12"]
[Site "Calimanesti-Caciulata"]
[Date "2013.04.03"]
[Round "3.5"]
[White "Fluerariu, Radu-Cristian"]
[Black "Mirauta, Stefano-Marius"]
[Result "0-1"]
[WhiteElo "1763"]
[BlackElo "1853"]
[PlyCount "80"]
[EventDate "2013.04.02"]
[EventRounds "9"]

1. e4 c5 2. Nf3 d6 3. d4 cxd4 4. Nxd4 Nf6 5. Nc3 a6 6. Be3 Ng4 7. Bg5 h6 8. Bh4
g5 9. Bg3 Bg7 10. Qd3 Ne5 11. Bxe5 Bxe5 12. Rd1 Nc6 13. Nxc6 bxc6 14. Qc4 Qb6
15. Qb3 Qxb3 16. axb3 f5 17. Bd3 Rf8 18. exf5 Bxf5 19. Bxf5 Rxf5 20. O-O Kd7
21. Rfe1 h5 22. f3 Kc7 23. Ra1 g4 24. fxg4 hxg4 25. Rf1 Bd4+ 26. Kh1 Raf8 27.
Rxf5 Rxf5 28. Re1 e5 29. Na4 e4 30. c3 Ba7 31. g3 e3 32. Re2 d5 33. b4 d4 34.
Nc5 Bxc5 35. bxc5 d3 36. Rxe3 d2 37. Rd3 Rf1+ 38. Kg2 d1=Q 39. Rxd1 Rxd1 40. h3
Rd2+ 0-1

[Event "CN Juniori 2013 - B12"]
[Site "Calimanesti-Caciulata"]
[Date "2013.04.02"]
[Round "1.10"]
[White "Fluerariu, Radu-Cristian"]
[Black "Buga, Andru-Mihai"]
[Result "1-0"]
[WhiteElo "1763"]
[BlackElo "1558"]
[PlyCount "85"]
[EventDate "2013.04.02"]
[EventRounds "9"]

1. e4 e5 2. Nf3 Nf6 3. Nxe5 d6 4. Nf3 Nxe4 5. Qe2 Qe7 6. d3 Nf6 7. Bg5 Qxe2+ 8.
Bxe2 Be7 9. Nc3 Nc6 10. O-O h6 11. Be3 Be6 12. d4 d5 13. Rad1 O-O-O 14. h3 Rhe8
15. a3 a6 16. Rfe1 Bf5 17. Ne5 Bxc2 18. Rd2 Bg6 19. Nxc6 bxc6 20. Bxa6+ Kb8 21.
Rc1 Rd6 22. Bd3 Bxd3 23. Rxd3 Bf8 24. Rd2 Ne4 25. Rdc2 Nxc3 26. Rxc3 Kb7 27.
Kf1 g5 28. b4 Re7 29. a4 Bg7 30. Rc5 f5 31. g3 Rde6 32. b5 cxb5 33. Rxb5+ Ka7
34. Rxd5 Ra6 35. Rxf5 Re4 36. d5+ Kb7 37. d6 Rexa4 38. dxc7 Kc8 39. Rfc5 Ra1
40. Rxa1 Bxa1 41. f4 gxf4 42. Bxf4 Bg7 43. Rb5 1-0

[Event "CNJ Echipe 2012 - O10"]
[Site "Mamaia -Constanta"]
[Date "2012.09.07"]
[Round "7.1"]
[White "Fluerariu, Radu-Cristian"]
[Black "Stoleriu , George"]
[Result "1/2-1/2"]
[WhiteElo "1723"]
[BlackElo "1723"]
[PlyCount "41"]
[EventDate "2012.09.03"]

1. e4 c6 2. d4 d5 3. Nc3 dxe4 4. Nxe4 Bf5 5. Ng3 Bg6 6. f4 e6 7. Bc4 Ne7 8.
N1e2 Nd7 9. O-O Nf6 10. Bd3 Bxd3 11. Qxd3 g6 12. b3 Bg7 13. Bb2 O-O 14. Rad1
Qc7 15. c4 Rfd8 16. Qf3 Rd7 17. Rd3 Rad8 18. Rfd1 b6 19. Kh1 Ne8 20. Ne4 c5 21.
Ba3 1/2-1/2

[Event "CNJ Echipe 2012 - O10"]
[Site "Mamaia -Constanta"]
[Date "2012.09.05"]
[Round "4.1"]
[White "Ognean, Mihnea Ionut"]
[Black "Fluerariu, Radu-Cristian"]
[Result "1-0"]
[WhiteElo "1588"]
[BlackElo "1723"]
[PlyCount "71"]
[EventDate "2012.09.03"]

1. e4 e5 2. Nf3 Nc6 3. Bc4 Bc5 4. c3 Nf6 5. d3 d6 6. Bb3 Bb6 7. h3 h6 8. Nbd2
Ne7 9. Nf1 Ng6 10. Ng3 O-O 11. O-O Re8 12. Re1 c6 13. d4 Qc7 14. dxe5 dxe5 15.
Qc2 Nf4 16. Bxf4 exf4 17. Nf5 Bxf5 18. exf5 Rad8 19. Rad1 Rxd1 20. Qxd1 Ne4 21.
Re2 Nf6 22. Rxe8+ Nxe8 23. Qe2 Kf8 24. Ne5 Nd6 25. Bxf7 Nxf5 26. Bb3 Ne7 27.
Qh5 Nd5 28. Ng6+ Kg8 29. c4 Bxf2+ 30. Kxf2 Qb6+ 31. Kf1 Qa6 32. Kg1 Qa5 33. Qd1
Ne3 34. c5+ Kh7 35. Qb1 Qxc5 36. Nf8+ 1-0

[Event "CNJ Echipe 2012 - O10"]
[Site "Mamaia -Constanta"]
[Date "2012.09.04"]
[Round "3.1"]
[White "Fluerariu, Radu-Cristian"]
[Black "Stefan, Mihai"]
[Result "1-0"]
[WhiteElo "1723"]
[BlackElo "1592"]
[PlyCount "97"]
[EventDate "2012.09.03"]

1. e4 e5 2. Nf3 Nc6 3. Bb5 a6 4. Ba4 Nf6 5. Qe2 b5 6. Bb3 Bc5 7. a4 b4 8. Bxf7+
Kxf7 9. Qc4+ Ke8 10. Qxc5 Nxe4 11. Qe3 Nf6 12. Nxe5 Nxe5 13. Qxe5+ Qe7 14.
Qxe7+ Kxe7 15. d3 Bb7 16. O-O Kf7 17. Bg5 Rhe8 18. Nd2 h6 19. Bxf6 Kxf6 20.
Rfe1 Bc6 21. b3 Kf7 22. Nc4 Rxe1+ 23. Rxe1 Kf6 24. f3 Bd5 25. Ne3 Be6 26. Kf2
Rb8 27. g4 Rf8 28. f4 g6 29. Kg3 Kg7 30. Rf1 Re8 31. Re1 Rf8 32. Re2 Kh7 33.
Ng2 Rf7 34. Ne1 Bd5 35. Re3 Kg7 36. Nf3 Bxf3 37. Kxf3 Kh7 38. h3 Kg7 39. h4 g5
40. hxg5 hxg5 41. f5 Kf6 42. Kg3 Rh7 43. Re1 Rh4 44. Re4 a5 45. Re1 Kf7 46. Re5
Rh1 47. Rxa5 Rc1 48. Rc5 Ke7 49. Rxc7 1-0

[Event "CN Juniori 2012 B10"]
[Site "Calimanesti-Caciulata"]
[Date "2012.04.03"]
[Round "3.13"]
[White "Fluerariu, Radu-Cristian"]
[Black "Marina-Fit, Paul-Constantin"]
[Result "1-0"]
[WhiteElo "1652"]
[BlackElo "1640"]
[Annotator "Claudiu"]
[PlyCount "33"]
[EventDate "2012.??.??"]

1. e4 e5 2. Nf3 Nc6 3. Bb5 d6 4. d4 exd4 5. Nxd4 Bd7 6. Nc3 Nxd4 7. Qxd4 Bxb5
8. Nxb5 a6 9. Nc3 Nf6 10. Be3 Be7 11. O-O-O h6 12. e5 c5 13. Qf4 g5 $11 14. Qf3
Nh7 15. exd6 Bf6 16. Bxc5 Bxc3 17. d7+ 1-0

[Event "CN Juniori 2011 - B10"]
[Site "Caciulata"]
[Date "2011.04.16"]
[Round "8.2"]
[White "Fluerariu, Radu-Cristian"]
[Black "Stoleriu , George"]
[Result "0-1"]
[WhiteElo "1638"]
[BlackElo "1477"]
[PlyCount "45"]
[EventDate "2011.??.??"]

1. e4 c6 2. d4 d5 3. exd5 cxd5 4. c4 Nf6 5. Nc3 Nc6 6. Nf3 Bg4 7. cxd5 Nxd5 8.
Qb3 Nxc3 9. bxc3 Qc7 10. Rb1 O-O-O 11. Be2 e6 12. Bf4 Bd6 13. Bxd6 Rxd6 14. O-O
Rd5 15. h3 Bf5 16. Rb2 h6 17. Rd1 Rhd8 18. Rbd2 e5 19. Qb2 exd4 20. cxd4 Qf4
21. Qc3 Be4 22. Ne5 Kc7 23. Bc4 0-1

[Event "CN Juniori 2011 - B10"]
[Site "Caciulata"]
[Date "2011.04.13"]
[Round "4.2"]
[White "Fluerariu, Radu-Cristian"]
[Black "Ciorica, Mihai Vlad"]
[Result "1/2-1/2"]
[WhiteElo "1638"]
[BlackElo "1507"]
[PlyCount "42"]
[EventDate "2011.??.??"]

1. e4 c5 2. Nf3 g6 3. d4 Bg7 4. Nc3 Qa5 5. Qd3 cxd4 6. Nxd4 Nc6 7. Nxc6 dxc6 8.
Bd2 Qc7 9. O-O-O Nf6 10. f3 Be6 11. Be3 O-O 12. Qd2 Rfd8 13. Bd3 c5 14. Qf2 b6
15. h4 h5 16. Be2 Rxd1+ 17. Rxd1 Rd8 18. Rxd8+ Qxd8 19. Qg3 Kh7 20. Qf2 Qb8 21.
g3 Qd8 1/2-1/2

[Event "CN Seniori 2011"]
[Site "Sarata Monteoru"]
[Date "2011.02.18"]
[Round "9.55"]
[White "Fluerariu, Radu-Cristian"]
[Black "Lupu, Alexandru"]
[Result "0-1"]
[WhiteElo "1668"]
[BlackElo "1822"]
[PlyCount "50"]
[EventDate "2011.02.12"]

1. e4 c5 2. Nf3 d6 3. d4 cxd4 4. Nxd4 Nf6 5. Nc3 g6 6. Be3 Bg7 7. f3 O-O 8. Qd2
Nc6 9. Bc4 Bd7 10. Bb3 Rc8 11. O-O-O Nxd4 12. Bxd4 b5 13. a3 a5 14. Ne2 Qc7 15.
Kb1 a4 16. Ba2 b4 17. axb4 Ra8 18. g4 a3 19. b3 Rfc8 20. h4 e5 21. Be3 d5 22.
c3 dxe4 23. g5 exf3 24. Ng3 Bf5+ 25. Nxf5 Ne4 0-1

[Event "CN Seniori 2011"]
[Site "Sarata Monteoru"]
[Date "2011.02.15"]
[Round "5.57"]
[White "Andrei, Gheorghe"]
[Black "Fluerariu, Radu-Cristian"]
[Result "1-0"]
[WhiteElo "1859"]
[BlackElo "1668"]
[PlyCount "99"]
[EventDate "2011.02.12"]

1. e4 e5 2. g3 Nc6 3. Bg2 Nf6 4. d3 Be7 5. Bg5 d6 6. h3 O-O 7. Nf3 Re8 8. O-O
h6 9. Bxf6 Bxf6 10. c4 Be6 11. Nc3 Qd7 12. Kh2 Be7 13. Nd5 Bf8 14. a3 Ne7 15.
b4 c6 16. Ne3 Qc7 17. Rc1 Rad8 18. Qe2 Qb8 19. Ng1 d5 20. cxd5 cxd5 21. Kh1 d4
22. Nc4 Ng6 23. h4 Bxc4 24. Rxc4 Rc8 25. Rfc1 b5 26. R4c2 Bd6 27. Bh3 Rc7 28.
Rxc7 Bxc7 29. Qc2 Bb6 30. Bd7 Rd8 31. Bxb5 Ne7 32. Bc4 Rc8 33. Nf3 Kf8 34. Kg2
Ng8 35. Qe2 Nf6 36. Nh2 Rc7 37. Ng4 Nxg4 38. Qxg4 Qc8 39. Qf3 Qd7 40. Qh5 Qe7
41. Rf1 a5 42. f4 axb4 43. axb4 Rxc4 44. dxc4 Qxb4 45. fxe5 Qxc4 46. Qf3 Bc5
47. Qf5 d3 48. e6 f6 49. Qd5 Qc2+ 50. Kh3 1-0

[Event "CN Seniori 2011"]
[Site "Sarata Monteoru"]
[Date "2011.02.14"]
[Round "4.56"]
[White "Fluerariu, Radu-Cristian"]
[Black "Secheres, Adrian Simion"]
[Result "0-1"]
[WhiteElo "1668"]
[BlackElo "1855"]
[PlyCount "110"]
[EventDate "2011.02.12"]

1. e4 c5 2. Nf3 d6 3. d4 cxd4 4. Nxd4 Nf6 5. Nc3 g6 6. Be3 Bg7 7. f3 O-O 8. Qd2
Nc6 9. Bc4 Bd7 10. Bb3 Rc8 11. O-O-O Ne5 12. h4 Nc4 13. Bxc4 Rxc4 14. Kb1 a6
15. h5 b5 16. Nb3 a5 17. Bh6 Bxh6 18. Qxh6 a4 19. Nc1 a3 20. Nd5 e6 21. Nf4 Qe7
22. Qg5 Rc5 23. Qg3 Rfc8 24. Rd2 e5 25. Nfd3 axb2 26. Nb3 Rc3 27. Kxb2 Be6 28.
hxg6 fxg6 29. Qe1 Qc7 30. Qd1 Nd7 31. Ne1 Nb6 32. Rd3 Nc4+ 33. Ka1 Ne3 34. Rxe3
Rxe3 35. Qd2 Qc3+ 36. Qxc3 Rexc3 37. Kb2 Bxb3 38. axb3 Re3 39. Rf1 Kg7 40. g3
Rf8 41. Rg1 Kf6 42. Ka3 Ra8+ 43. Kb2 Ke6 44. Rh1 h5 45. Rf1 Rf8 46. Rg1 Rfxf3
47. Nxf3 Rxf3 48. Ka3 Re3 49. Kb4 Rxe4+ 50. Kxb5 Rg4 51. Ka5 h4 52. b4 Rxg3 53.
Rh1 g5 54. b5 Rc3 55. b6 Rxc2 0-1

[Event "CN Seniori 2011"]
[Site "Sarata Monteoru"]
[Date "2011.02.12"]
[Round "1.49"]
[White "Fluerariu, Radu-Cristian"]
[Black "Sava, Bogdan"]
[Result "0-1"]
[WhiteElo "1668"]
[BlackElo "2153"]
[PlyCount "60"]
[EventDate "2011.02.12"]

1. e4 e5 2. Nf3 Nf6 3. Nxe5 d6 4. Nf3 Nxe4 5. Qe2 Qe7 6. d3 Nf6 7. Bg5 Qxe2+ 8.
Bxe2 Be7 9. Nc3 c6 10. O-O-O O-O 11. Rhe1 Nbd7 12. d4 Nb6 13. a3 Be6 14. h3 h6
15. Bf4 Rfe8 16. Bg3 Rad8 17. Kb1 Nbd5 18. Nxd5 Bxd5 19. Kc1 Ne4 20. c4 Nxg3
21. fxg3 Be4 22. Bf1 Bf6 23. h4 Kf8 24. Nh2 c5 25. dxc5 dxc5 26. Rxd8 Bxd8 27.
Kd2 Ba5+ 28. b4 cxb4 29. Kd1 bxa3 30. Re2 Bc3 0-1

[Event "baieti 8 ani"]
[Site "Voineasa"]
[Date "2010.04.11"]
[Round "6.1"]
[White "Talu, Mircea"]
[Black "Fluerariu, Radu-Cristian"]
[Result "0-1"]
[WhiteElo "1600"]
[BlackElo "1588"]
[PlyCount "112"]
[EventDate "2010.??.??"]

1. e4 e5 2. Nf3 Nc6 3. d4 exd4 4. Bc4 Nf6 5. e5 d5 6. Bb5 Ne4 7. Bxc6+ bxc6 8.
Nxd4 Bd7 9. O-O Be7 10. c3 Nc5 11. Be3 O-O 12. Na3 Re8 13. f4 Ne4 14. Qc2 c5
15. Nb3 Bf5 16. Bxc5 Bxc5+ 17. Nxc5 Ng3 18. Qf2 Nxf1 19. Rxf1 Rb8 20. Nb3 c6
21. Nd4 Bd7 22. Nb3 Qb6 23. Qxb6 axb6 24. Nc2 c5 25. Rd1 Bc6 26. Ne3 Rbd8 27.
Nc1 f6 28. Ng4 h5 29. Nf2 fxe5 30. fxe5 Rxe5 31. Kf1 Rde8 32. Ncd3 Bb5 33. Kg1
Bxd3 34. Nxd3 R5e7 35. Kf1 d4 36. cxd4 cxd4 37. Kg1 Kf7 38. Nf4 Re1+ 39. Rxe1
Rxe1+ 40. Kf2 Ra1 41. a3 Rc1 42. Nd3 Rc8 43. Ne1 Ke6 44. Ke2 Kd5 45. Kd3 b5 46.
Nf3 Rd8 47. b3 Ra8 48. Nxd4 Rxa3 49. Nxb5 Rxb3+ 50. Nc3+ Ke5 51. Kc2 Rb8 52.
Kd3 g5 53. Ke3 Rb3 54. Kd2 Rb2+ 55. Ke1 Rxg2 56. h4 g4 0-1

[Event "Memorial Ciocaltea Open"]
[Site "?"]
[Date "2010.03.07"]
[Round "?"]
[White "Fluerariu, Radu-Cristian"]
[Black "Ciortan, Mihail"]
[Result "0-1"]
[WhiteElo "1588"]
[BlackElo "1809"]
[PlyCount "63"]
[EventDate "2010.??.??"]

1. e4 d6 2. d4 Nf6 3. Nc3 e5 4. Nf3 Nbd7 5. Bg5 Be7 6. Qd2 c6 7. Bc4 Qc7 8. Rg1
Nf8 9. Bxf6 Bxf6 10. dxe5 dxe5 11. O-O-O Bg4 12. Be2 Bxf3 13. gxf3 Rd8 14. Qe1
Rxd1+ 15. Nxd1 Ne6 16. Ne3 Bh4 17. Nf5 Bf6 18. Bc4 g6 19. Ng3 Nf4 20. Rh1 h5
21. Ne2 Nxe2+ 22. Qxe2 Bg5+ 23. Kb1 Ke7 24. Bb3 Rd8 25. a3 Rd2 26. Qe1 Qb6 27.
h4 Bh6 28. Rh2 Bf4 29. Rg2 Qd4 30. Ka2 c5 31. Qf1 a6 32. c3 0-1

[Event "CAMPIONATUL NATIONAL INDIVIDUA"]
[Site "?"]
[Date "2010.02.02"]
[Round "?"]
[White "Fluerariu, Radu-Cristian"]
[Black "Vrajitoru, Vlad Laurentiu"]
[Result "0-1"]
[WhiteElo "1593"]
[BlackElo "1905"]
[PlyCount "78"]
[EventDate "2010.??.??"]

1. e4 e5 2. Nf3 Nf6 3. Nxe5 d6 4. Nf3 Nxe4 5. Qe2 Qe7 6. d3 Nf6 7. Bg5 Qxe2+ 8.
Bxe2 Be7 9. Nc3 Bg4 10. O-O-O Nc6 11. h3 Be6 12. d4 d5 13. Ne5 Nd7 14. Bxe7
Nxe7 15. Nxd7 Kxd7 16. g4 c6 17. f4 f5 18. g5 Nc8 19. Na4 b6 20. h4 Nd6 21. Nc3
b5 22. a4 b4 23. Na2 a5 24. Kb1 Ne4 25. Rhg1 Rab8 26. Nc1 Rhc8 27. Nd3 Kd6 28.
Bf3 Ke7 29. Bxe4 fxe4 30. Ne5 c5 31. Rgf1 Bf5 32. Rfe1 Rb7 33. Re2 Rbc7 34.
dxc5 Rxc5 35. Rc1 Kf8 36. h5 d4 37. g6 h6 38. Ree1 b3 39. cxb3 e3+ 0-1

[Event "CAMPIONATUL NATIONAL INDIVIDUA"]
[Site "?"]
[Date "2010.01.31"]
[Round "?"]
[White "Fluerariu, Radu-Cristian"]
[Black "Stegariu, Vlad-Ionut"]
[Result "0-1"]
[WhiteElo "1593"]
[BlackElo "2036"]
[PlyCount "74"]
[EventDate "2010.??.??"]

1. e4 c5 2. Nf3 e6 3. d4 cxd4 4. Nxd4 a6 5. Nc3 Qc7 6. f4 d6 7. Be3 b5 8. a3
Bb7 9. Bd3 Nf6 10. g4 d5 11. e5 Ne4 12. Bxe4 dxe4 13. h4 Nc6 14. Nxc6 Bxc6 15.
Qd2 Rd8 16. Qh2 h5 17. g5 g6 18. O-O Be7 19. Rad1 O-O 20. Ne2 Rb8 21. b4 a5 22.
Nd4 axb4 23. Qh3 Bd5 24. axb4 Bxb4 25. Rf2 Rfd8 26. Rb1 Qc4 27. Qf1 Bc5 28.
Qxc4 Bxc4 29. Nf5 Bf8 30. Ng3 Bd5 31. Ne2 Rdc8 32. Nc1 Rc3 33. Bd4 Ra3 34. Nb3
Rc8 35. Kf1 Rc4 36. Bb2 Raa4 37. Ra1 e3 0-1

[Event "Turkey-Romania Junior Friendly"]
[Site "Edirne"]
[Date "2009.12.05"]
[Round "4.1"]
[White "Ersoz, Bartu"]
[Black "Fluerariu, Radu-Cristian"]
[Result "1-0"]
[WhiteElo "1692"]
[BlackElo "1568"]
[PlyCount "95"]
[EventDate "2009.12.03"]

1. e4 e5 2. Nf3 Nc6 3. Bb5 a6 4. Bxc6 dxc6 5. O-O f6 6. d4 exd4 7. Nxd4 c5 8.
Nb3 Qxd1 9. Rxd1 Bd7 10. Be3 b6 11. Nc3 O-O-O 12. Rd2 Be6 13. Rad1 Rxd2 14.
Rxd2 Bd6 15. Nd5 Bxd5 16. exd5 Ne7 17. a4 Nf5 18. g4 Nxe3 19. fxe3 Re8 20. Re2
Bf4 21. e4 g6 22. Kf1 Be5 23. c3 Bd6 24. c4 Kd7 25. Nd2 Ke7 26. h3 Kf7 27. Nf3
Rb8 28. g5 Be5 29. gxf6 Kxf6 30. Rf2 b5 31. cxb5 axb5 32. Nd4+ Kg7 33. Nxb5 Rc8
34. b3 Rb8 35. Rc2 Bd6 36. Ra2 Kf6 37. Ke2 Kg5 38. Rc2 Kh4 39. Nxd6 cxd6 40.
Rc3 Rb4 41. e5 dxe5 42. Rc4+ Rxc4 43. bxc4 Kxh3 44. d6 g5 45. d7 g4 46. d8=Q g3
47. Qd7+ Kh2 48. Qxh7+ 1-0

[Event "Turkey-Romania Junior Friendly"]
[Site "Edirne"]
[Date "2009.12.05"]
[Round "5.1"]
[White "Fluerariu, Radu-Cristian"]
[Black "Sevgi, Volkan"]
[Result "0-1"]
[WhiteElo "1568"]
[BlackElo "1780"]
[PlyCount "118"]
[EventDate "2009.12.03"]

1. e4 c6 2. d4 d5 3. Nc3 dxe4 4. Nxe4 Bf5 5. Ng3 Bg6 6. Nf3 Nd7 7. Be3 Ngf6 8.
Be2 e6 9. O-O Bd6 10. Bg5 h6 11. Be3 O-O 12. a3 Nd5 13. Bd2 Nf4 14. Bxf4 Bxf4
15. Bd3 Bxd3 16. Qxd3 Nf6 17. Rfe1 Qb6 18. b4 a5 19. bxa5 Rxa5 20. Rab1 Qa7 21.
Rb3 Ra4 22. Reb1 b5 23. Ne2 Bd6 24. Ne5 Bxe5 25. dxe5 Nd7 26. Qd6 Nc5 27. Rb4
Ne4 28. Qd4 Qxd4 29. Nxd4 Rxb4 30. axb4 Rc8 31. g3 Nc3 32. Ra1 Na4 33. c4 Nc3
34. cxb5 cxb5 35. Rc1 Rc4 36. Kf1 Rxd4 37. Rxc3 Rxb4 38. Ke2 Rb2+ 39. Ke1 Kh7
40. Re3 Kg6 41. Rf3 Rb4 42. Kd2 Re4 43. Re3 Rxe3 44. Kxe3 Kf5 45. Kd4 g5 46.
Kc5 Kxe5 47. Kxb5 Ke4 48. Kc6 Kf3 49. Kd7 Kxf2 50. Ke7 e5 51. Kxf7 e4 52. Kg6
e3 53. Kxh6 e2 54. Kxg5 e1=Q 55. h4 Kxg3 56. h5 Qe8 57. h6 Qg8+ 58. Kf6 Qh7 59.
Kg5 Kf3 0-1

[Event "Turkey-Romania Junior Friendly Match"]
[Site "Edirne"]
[Date "2009.12.03"]
[Round "1.1"]
[White "Fluerariu, Radu-Cristian"]
[Black "Ulusoy, Nisan"]
[Result "0-1"]
[WhiteElo "1568"]
[BlackElo "1612"]
[PlyCount "78"]
[EventDate "2009.12.03"]

1. e4 e6 2. d4 d5 3. Nc3 Nf6 4. Bg5 Be7 5. e5 Nfd7 6. h4 Nc6 7. Nf3 h6 8. Be3
Nb6 9. Qd2 Bd7 10. a3 Na5 11. Be2 Nac4 12. Qc1 Rc8 13. g4 Nxe3 14. Qxe3 c5 15.
O-O-O cxd4 16. Nxd4 Bxh4 17. Nf3 Be7 18. Rh2 Bc5 19. Qd2 Qe7 20. b4 Bxb4 21.
axb4 Qxb4 22. Nb1 Qa4 23. Rdh1 Nc4 24. Bxc4 dxc4 25. g5 c3 26. Qe3 Qa1 27. Ne1
Qb2+ 28. Kd1 Qxb1+ 29. Qc1 Qb4 30. Rh4 Qc5 31. Nd3 Qd5 32. R1h3 h5 33. Rf4 Rc4
34. Rhh4 Rxf4 35. Rxf4 h4 36. Ke2 h3 37. Nb4 Qxe5+ 38. Qe3 Qxe3+ 39. fxe3 h2
0-1